000 01263cam a2200337 i 4500
001 18960992
005 20250327160934.0
008 160203s2016 enk b 001 0 eng d
010 _a 2016932476
020 _a9780857930156 (cased)
020 _a085793015X (hardback)
020 _z9780857930163 (eBook)
035 _a(OCoLC)ocn958064524
042 _alccopycat
082 0 4 _a341 KON
245 0 0 _aEconomic Analysis of International Law
260 _aUK
_bEdward Elgar Publishing Limited
_c2016
264 1 _aCheltenham, UK :
_bEdward Elgar Publishing,
_c[2016]
300 _a294 pages ;
_c25 cm
336 _atext
_btxt
_2rdacontent
337 _aunmediated
_bn
_2rdamedia
338 _avolume
_bnc
_2rdacarrier
504 _aIncludes bibliographical references and index.
520 _aThrough original and incisive contributions from leading scholars, this handbook applies economics and other rational choice methods to understanding public international law.
650 0 _aInternational law
700 1 _aKontorovich, Eugene,
700 1 _aParisi, Francesco,
906 _a7
_bcbc
_ccopycat
_d2
_eepcn
_f20
_gy-gencatlg
942 _cBK
999 _c43454
_d43454